|
|
|
|
| LEADER |
00000nam0a2200000 4500 |
| 001 |
220370 |
| 005 |
20231101230330.0 |
| 010 |
|
|
|a 0521633540
|
| 035 |
|
|
|a (RuTPU)RU\TPU\book\240492
|
| 090 |
|
|
|a 220370
|
| 100 |
|
|
|a 20120822d2005 m y0engy50 ba
|
| 101 |
0 |
|
|a eng
|
| 102 |
|
|
|a GB
|
| 105 |
|
|
|a y j 001zy
|
| 200 |
1 |
|
|a Planning Lessons and Courses. Designing sequences of work for the language classroom
|f T. Woodward
|
| 205 |
|
|
|a 6th ed.
|
| 210 |
|
|
|a Cambridge
|c Cambridge University Press
|d 2005
|
| 215 |
|
|
|a 249 p.
|
| 225 |
1 |
|
|a Cambridge Handbooks for Language Teachers
|
| 320 |
|
|
|a Bibliography: p. 243-247.
|
| 320 |
|
|
|a Index: p. 248-249.
|
| 606 |
1 |
|
|a Английский язык
|x Содержание и методика преподавания языка в высшей школе
|2 stltpush
|3 (RuTPU)RU\TPU\subj\29068
|9 52480
|
| 610 |
1 |
|
|a дидактика
|
| 610 |
1 |
|
|a уроки
|
| 610 |
1 |
|
|a курсы
|
| 610 |
1 |
|
|a планирование
|
| 610 |
1 |
|
|a обучение
|
| 610 |
1 |
|
|a педагогические технологии
|
| 610 |
1 |
|
|a методика
|
| 686 |
|
|
|a Ш143.21-91
|v LBC/SL-A
|2 rubbk
|
| 700 |
|
1 |
|a Woodward
|b T.
|g Tessa
|
| 801 |
|
1 |
|a RU
|b 63413507
|c 20120822
|
| 801 |
|
2 |
|a RU
|b 63413507
|c 20120917
|g RCR
|
| 942 |
|
|
|c BK
|